| 000 | 00361nam a22001337a 4500 | ||
|---|---|---|---|
| 008 | 131217b xxu||||| |||| 00| 0 eng d | ||
| 050 | _aPR6003.L2H5 | ||
| 100 |
_aBlack, A. W. _95828 |
||
| 245 | _aHistory through verse | ||
| 260 |
_aLondon _bArthur Barker _c1937 |
||
| 300 |
_a120p. _c25cm |
||
| 700 |
_aNarbeth, W. A. (illustr) _95829 |
||
| 942 |
_2lcc _cMONOGRAPH |
||
| 999 |
_c119304 _d119304 |
||